[Event "Narciso Yepes Memorial"]
[Site "Lorca"]
[Date "2005.??.??"]
[Round "?"]
[White "Caruana, Fabiano"]
[Black "Claros Egea, Christian"]
[Result "1-0"]
[WhiteElo "2381"]
[BlackElo "2210"]
[PlyCount "73"]
[EventDate "2005.07.01"]
[EventType "swiss"]
[EventRounds "9"]
[EventCountry "ESP"]
[SourceTitle "CBM 107 Extra"]
[Source "ChessBase"]
[SourceDate "2005.09.01"]
[SourceVersion "1"]
[SourceVersionDate "2005.09.01"]
[SourceQuality "1"]

1. e4 e5 2. Bc4 Nf6 3. d3 Bc5 4. Nf3 Nc6 5. O-O d6 6. c3 h6 7. Nbd2 O-O 8. Re1
Bb6 9. Nf1 Ne7 10. Ng3 Ng6 11. h3 Re8 12. d4 c6 13. Qb3 Qc7 14. Be3 Rd8 15. Qc2
a6 16. Rad1 Be6 17. Bxe6 fxe6 18. Qb3 d5 19. dxe5 Bxe3 20. Rxe3 Nd7 21. exd5
cxd5 22. Qc2 Ngxe5 23. Nxe5 Nxe5 24. Rde1 Nc6 25. Qg6 e5 26. Nf5 Kh8 27. Rg3
Rg8 28. c4 Raf8 29. cxd5 Rf6 30. Qh5 Nb4 31. d6 Qc2 32. Rf3 Nd3 33. Ne3 Qd2 34.
Rxf6 Qxe1+ 35. Kh2 Kh7 36. Qf5+ Kh8 37. Rf8 1-0

[Event "Narciso Yepes Memorial"]
[Site "Lorca"]
[Date "2005.??.??"]
[Round "?"]
[White "Fernandez Romero, Ernesto"]
[Black "Caruana, Fabiano"]
[Result "1-0"]
[WhiteElo "2435"]
[BlackElo "2381"]
[PlyCount "89"]
[EventDate "2005.07.01"]
[EventType "swiss"]
[EventRounds "9"]
[EventCountry "ESP"]
[SourceTitle "CBM 107 Extra"]
[Source "ChessBase"]
[SourceDate "2005.09.01"]
[SourceVersion "1"]
[SourceVersionDate "2005.09.01"]
[SourceQuality "1"]

1. e4 c5 2. Nc3 Nc6 3. Nge2 Nf6 4. d4 cxd4 5. Nxd4 e5 6. Ndb5 d6 7. Bg5 a6 8.
Na3 b5 9. Bxf6 gxf6 10. Nd5 f5 11. Bd3 Be6 12. O-O Bg7 13. Qh5 f4 14. c4 b4 15.
Nc2 Rb8 16. b3 Rg8 17. Rfd1 Bf8 18. Be2 h6 19. c5 Rg6 20. Rac1 Rc8 21. Ndxb4
Qa5 22. Nd5 dxc5 23. a3 Rg5 24. Qf3 Bd6 25. Nxf4 exf4 26. Rxd6 Bg4 27. Qxf4
Bxe2 28. Rxh6 Rg8 29. b4 Qb5 30. Ne3 Ne7 31. Nd5 Nxd5 32. exd5 Qd3 33. bxc5
Qxd5 34. g3 Qg5 35. Qxg5 Rxg5 36. Re1 Re5 37. f4 Re4 38. Kf2 Bf3 39. Rxe4+ Bxe4
40. Rh8+ Kd7 41. Rxc8 Kxc8 42. g4 Kd7 43. Ke3 Bh7 44. Kd4 f6 45. h4 1-0

[Event "Narciso Yepes Memorial"]
[Site "Lorca"]
[Date "2005.??.??"]
[Round "?"]
[White "Garza Marco, Sergio"]
[Black "Caruana, Fabiano"]
[Result "0-1"]
[WhiteElo "2365"]
[BlackElo "2381"]
[PlyCount "70"]
[EventDate "2005.07.01"]
[EventType "swiss"]
[EventRounds "9"]
[EventCountry "ESP"]
[SourceTitle "CBM 107 Extra"]
[Source "ChessBase"]
[SourceDate "2005.09.01"]
[SourceVersion "1"]
[SourceVersionDate "2005.09.01"]
[SourceQuality "1"]

1. d4 Nf6 2. Nf3 g6 3. c3 Bg7 4. Bg5 d5 5. Nbd2 O-O 6. e3 Nbd7 7. Be2 c5 8. O-O
b6 9. b4 Bb7 10. Qb3 Bc6 11. a4 Re8 12. a5 c4 13. Qc2 b5 14. Rfe1 Qc8 15. Qb2
Ne4 16. Bf4 Qb7 17. Bd1 a6 18. Re2 f6 19. h3 e5 20. dxe5 fxe5 21. Bh2 Nd6 22.
Bc2 Rad8 23. Rd1 Nf7 24. e4 d4 25. cxd4 exd4 26. Nxd4 Nde5 27. Nxc6 Nf3+ 28.
gxf3 Bxb2 29. Nxd8 Rxd8 30. f4 Bc3 31. e5 Bxb4 32. Ne4 Rxd1+ 33. Bxd1 Be7 34.
Nf6+ Bxf6 35. exf6 Qc6 0-1

[Event "Narciso Yepes Memorial"]
[Site "Lorca"]
[Date "2005.??.??"]
[Round "?"]
[White "Huerga Leache, Mikel"]
[Black "Caruana, Fabiano"]
[Result "1/2-1/2"]
[WhiteElo "2176"]
[BlackElo "2381"]
[PlyCount "81"]
[EventDate "2005.07.01"]
[EventType "swiss"]
[EventRounds "9"]
[EventCountry "ESP"]
[SourceTitle "CBM 107 Extra"]
[Source "ChessBase"]
[SourceDate "2005.09.01"]
[SourceVersion "1"]
[SourceVersionDate "2005.09.01"]
[SourceQuality "1"]

1. e4 c5 2. Nf3 Nc6 3. d4 cxd4 4. Nxd4 Nf6 5. Nc3 e5 6. Ndb5 d6 7. Bg5 a6 8.
Na3 b5 9. Nd5 Be7 10. Bxf6 Bxf6 11. c3 Ne7 12. Nxf6+ gxf6 13. Bd3 d5 14. Nc2 f5
15. exf5 Nxf5 16. Qh5 e4 17. Be2 Qf6 18. Ne3 Be6 19. Nxf5 Bxf5 20. Rd1 Rd8 21.
h4 Rg8 22. g4 Be6 23. g5 Qe5 24. Bg4 Bxg4 25. Qxg4 h6 26. Rg1 hxg5 27. hxg5 Ke7
28. Rd4 Rg6 29. Kd1 Qe6 30. Qf4 Kf8 31. a4 bxa4 32. Rxa4 Kg7 33. Rd4 Rh8 34.
Qd2 Rd8 35. c4 e3 36. fxe3 Rc8 37. Qc3 Qe5 38. Rxd5 Qxc3 39. bxc3 Rxc4 40. Kd2
Rgc6 41. Ra1 1/2-1/2

[Event "Narciso Yepes Memorial"]
[Site "Lorca"]
[Date "2005.??.??"]
[Round "?"]
[White "Lalic, Bogdan"]
[Black "Caruana, Fabiano"]
[Result "1-0"]
[WhiteElo "2491"]
[BlackElo "2381"]
[PlyCount "85"]
[EventDate "2005.07.01"]
[EventType "swiss"]
[EventRounds "9"]
[EventCountry "ESP"]
[SourceTitle "CBM 107 Extra"]
[Source "ChessBase"]
[SourceDate "2005.09.01"]
[SourceVersion "1"]
[SourceVersionDate "2005.09.01"]
[SourceQuality "1"]

1. c4 Nf6 2. Nc3 d5 3. cxd5 Nxd5 4. g3 g6 5. Bg2 Nxc3 6. bxc3 Bg7 7. Rb1 Nd7 8.
Nf3 O-O 9. O-O Nb6 10. Ng5 Bf5 11. d3 Bxc3 12. Qc2 Bg7 13. Bxb7 Rb8 14. Bg2 Rc8
15. Bb7 Rb8 16. Bc6 Bd7 17. Bd2 Bxc6 18. Qxc6 Qd6 19. Qc2 Nd5 20. Qa4 h6 21.
Ne4 Qe5 22. e3 Rfd8 23. Rfc1 Rxb1 24. Rxb1 Nb6 25. Qc2 Qd5 26. Rb3 Nd7 27. d4
e5 28. Qxc7 Nb6 29. Nc3 Qa8 30. Ra3 Rc8 31. Qxa7 Qc6 32. Ra6 exd4 33. Rxb6 Qc4
34. exd4 Qxd4 35. Qa6 Rd8 36. Be1 Qg4 37. Rb1 Re8 38. Qd3 h5 39. Kg2 h4 40. h3
Qc8 41. g4 Rd8 42. Qf3 Qc4 43. Rd1 1-0

[Event "Narciso Yepes Memorial"]
[Site "Lorca"]
[Date "2005.??.??"]
[Round "?"]
[White "Torroglosa Minarro, Juan Jose"]
[Black "Caruana, Fabiano"]
[Result "0-1"]
[WhiteElo "1903"]
[BlackElo "2381"]
[PlyCount "46"]
[EventDate "2005.07.01"]
[EventType "swiss"]
[EventRounds "9"]
[EventCountry "ESP"]
[SourceTitle "CBM 107 Extra"]
[Source "ChessBase"]
[SourceDate "2005.09.01"]
[SourceVersion "1"]
[SourceVersionDate "2005.09.01"]
[SourceQuality "1"]

1. e4 c5 2. Nf3 Nc6 3. d4 cxd4 4. Nxd4 Nf6 5. Nc3 e5 6. Ndb5 d6 7. Bd3 a6 8.
Na3 b5 9. Nd5 Be7 10. O-O O-O 11. Bd2 Be6 12. Nxe7+ Qxe7 13. c3 Rfd8 14. f4 d5
15. exd5 Rxd5 16. Bc2 Rad8 17. fxe5 Rxd2 18. Qe1 Ng4 19. Rf3 Ncxe5 20. Rf4 Qc5+
21. Kh1 Nf2+ 22. Rxf2 Qxf2 23. Qe4 Bf5 0-1

[Event "Hamburg Junge op"]
[Site "Hamburg"]
[Date "2005.10.01"]
[Round "1"]
[White "Caruana, Fabiano"]
[Black "Schulze, Joachim"]
[Result "1-0"]
[WhiteElo "2373"]
[BlackElo "2030"]
[PlyCount "75"]
[EventDate "2005.10.01"]
[EventType "swiss"]
[EventRounds "9"]
[EventCountry "GER"]
[SourceTitle "CBM 108 Extra"]
[Source "ChessBase"]
[SourceDate "2005.11.04"]
[SourceVersion "1"]
[SourceVersionDate "2005.11.04"]
[SourceQuality "1"]

1. e4 c6 2. d4 d5 3. Nd2 dxe4 4. Nxe4 Bf5 5. Ng3 Bg6 6. Nf3 Nd7 7. h4 h6 8. h5
Bh7 9. Bd3 Bxd3 10. Qxd3 Ngf6 11. Bf4 Qa5+ 12. Bd2 Qc7 13. O-O-O e6 14. Qe2
O-O-O 15. Ne5 Nb6 16. Ba5 Bd6 17. Rhe1 Qe7 18. f4 Bc7 19. Qf3 Rd5 20. Bxb6 Bxb6
21. c3 Ra5 22. Kb1 Rd8 23. Rd2 Nd7 24. Nc4 Rd5 25. Rde2 Bc7 26. Nf1 Nb6 27.
Nxb6+ axb6 28. Ne3 Rb5 29. g4 Qf6 30. Rf1 g6 31. hxg6 Qxg6+ 32. f5 exf5 33.
Nxf5 Kb8 34. Ka1 Ka7 35. Re7 Bb8 36. Qd1 Ra5 37. Qb3 Qxg4 38. Qxf7 1-0

[Event "Hamburg Junge op"]
[Site "Hamburg"]
[Date "2005.10.02"]
[Round "2"]
[White "Moeller, Hendrik"]
[Black "Caruana, Fabiano"]
[Result "0-1"]
[WhiteElo "2160"]
[BlackElo "2373"]
[PlyCount "84"]
[EventDate "2005.10.01"]
[EventType "swiss"]
[EventRounds "9"]
[EventCountry "GER"]
[SourceTitle "CBM 108 Extra"]
[Source "ChessBase"]
[SourceDate "2005.11.04"]
[SourceVersion "1"]
[SourceVersionDate "2005.11.04"]
[SourceQuality "1"]

1. e4 c5 2. Nf3 Nc6 3. d4 cxd4 4. Nxd4 Nf6 5. Nc3 e5 6. Ndb5 d6 7. Nd5 Nxd5 8.
exd5 Nb8 9. c4 Be7 10. Be2 O-O 11. O-O Nd7 12. Qc2 a6 13. Nc3 f5 14. f4 Qb6+
15. Kh1 g6 16. g3 Bf6 17. Rb1 Qc7 18. Qd2 Bg7 19. Qe3 Re8 20. Qf2 Nb6 21. c5
dxc5 22. Be3 exf4 23. gxf4 Bxc3 24. bxc3 Nxd5 25. Bd2 b6 26. Bf3 Bb7 27. Qg2
Rad8 28. c4 Nf6 29. Bxb7 Rxd2 30. Qxd2 Qxb7+ 31. Qg2 Ne4 32. Kg1 Rd8 33. Rfd1
Qc7 34. Rxd8+ Qxd8 35. Qb2 Qd3 36. Rf1 Nd2 37. Rf2 Nxc4 38. Qf6 Qd1+ 39. Rf1
Qg4+ 40. Kh1 Qe2 41. Kg1 Nd2 42. Rf2 Qxf2+ 0-1

[Event "Hamburg Junge op"]
[Site "Hamburg"]
[Date "2005.10.03"]
[Round "3"]
[White "Caruana, Fabiano"]
[Black "Ftacnik, Lubomir"]
[Result "1-0"]
[WhiteElo "2373"]
[BlackElo "2612"]
[PlyCount "59"]
[EventDate "2005.10.01"]
[EventType "swiss"]
[EventRounds "9"]
[EventCountry "GER"]
[SourceTitle "CBM 108 Extra"]
[Source "ChessBase"]
[SourceDate "2005.11.04"]
[SourceVersion "1"]
[SourceVersionDate "2005.11.04"]
[SourceQuality "1"]

1. e4 c5 2. Nf3 d6 3. Bb5+ Nd7 4. O-O Ngf6 5. Re1 a6 6. Bf1 b5 7. a4 b4 8. d4
cxd4 9. Qxd4 e5 10. Qxb4 Nc5 11. Bg5 Bd7 12. Nc3 Be7 13. Rad1 Bg4 14. Bxf6 gxf6
15. Be2 Rb8 16. Qa3 Qb6 17. b3 Nxe4 18. Nxe4 d5 19. Qa1 dxe4 20. Nxe5 Bxe2 21.
Nd7 Qe6 22. Rxe2 Rd8 23. Red2 Rg8 24. Qc3 f5 25. Qc7 f4 26. Nc5 Rxg2+ 27. Kxg2
Qg4+ 28. Kf1 Qxd1+ 29. Rxd1 Rxd1+ 30. Ke2 1-0

[Event "Hamburg Junge op"]
[Site "Hamburg"]
[Date "2005.10.07"]
[Round "5"]
[White "Caruana, Fabiano"]
[Black "Fruebing, Stefan"]
[Result "1-0"]
[WhiteElo "2373"]
[BlackElo "2233"]
[PlyCount "125"]
[EventDate "2005.10.01"]
[EventType "swiss"]
[EventRounds "9"]
[EventCountry "GER"]
[SourceTitle "CBM 108 Extra"]
[Source "ChessBase"]
[SourceDate "2005.11.04"]
[SourceVersion "1"]
[SourceVersionDate "2005.11.04"]
[SourceQuality "1"]

1. e4 c5 2. Nf3 g6 3. Bc4 Nc6 4. c3 Bg7 5. O-O d6 6. d4 cxd4 7. cxd4 Nf6 8. d5
Nb8 9. Nc3 Bg4 10. h3 Bxf3 11. Qxf3 Nbd7 12. Qe2 O-O 13. Be3 a6 14. Rad1 Qa5
15. Bd4 Rfc8 16. a3 Nh5 17. Bxg7 Kxg7 18. Bd3 Ne5 19. g3 b5 20. Na2 Qb6 21. Kg2
Rc7 22. f4 Nxd3 23. Qxd3 Rac8 24. Rd2 Kg8 25. Nb4 Rc1 26. Nc6 Rxf1 27. Qxf1 Rc7
28. Qd3 Nf6 29. Re2 Kf8 30. b4 Rc8 31. Qc3 Rc7 32. g4 Ke8 33. g5 Nd7 34. Rc2
Nf8 35. Kh2 Nd7 36. Rd2 Rc8 37. Rc2 Nf8 38. Kg2 Rc7 39. Re2 Nd7 40. Kh2 Rc8 41.
e5 dxe5 42. fxe5 e6 43. Qf3 Nf8 44. Rf2 Rc7 45. d6 Qxc6 46. dxc7 Qxc7 47. Qf4
Qa7 48. Kg3 Qc7 49. Kg2 Qc6+ 50. Qf3 Qc7 51. Qa8+ Ke7 52. Qxa6 Qxe5 53. Qb7+
Nd7 54. Rd2 Kf8 55. Qxd7 Qe4+ 56. Kf2 Qh4+ 57. Ke3 Qg3+ 58. Kd4 Qg1+ 59. Kc3
Qc1+ 60. Kb3 Qb1+ 61. Rb2 Qf1 62. Qd8+ Kg7 63. Qf6+ 1-0

[Event "Hamburg Junge op"]
[Site "Hamburg"]
[Date "2005.10.08"]
[Round "8"]
[White "Caruana, Fabiano"]
[Black "Colpe, Helge"]
[Result "1-0"]
[WhiteElo "2373"]
[BlackElo "2091"]
[PlyCount "77"]
[EventDate "2005.10.01"]
[EventType "swiss"]
[EventRounds "9"]
[EventCountry "GER"]
[SourceTitle "CBM 108 Extra"]
[Source "ChessBase"]
[SourceDate "2005.11.04"]
[SourceVersion "1"]
[SourceVersionDate "2005.11.04"]
[SourceQuality "1"]

1. e4 e5 2. Bc4 Nc6 3. Nf3 Bc5 4. c3 d6 5. d4 exd4 6. cxd4 Bb4+ 7. Kf1 Bg4 8.
d5 Bxf3 9. Qa4 Bg4 10. dxc6 b5 11. Qxb4 bxc4 12. Qxc4 Nf6 13. Nc3 O-O 14. Bg5
h6 15. Bh4 g5 16. Bg3 Rb8 17. Qd4 Be6 18. Rd1 Qe7 19. Qxa7 Nxe4 20. Nxe4 Bc4+
21. Kg1 Qxe4 22. b3 Bb5 23. Qxc7 Rfd8 24. h4 Rbc8 25. Qb6 Bxc6 26. f3 Qf5 27.
Qd4 f6 28. Kh2 Ba8 29. Rd2 Rd7 30. Re1 Kg7 31. Rde2 Rc2 32. Bxd6 Kg6 33. h5+
Kf7 34. Re7+ Kg8 35. Re8+ Kf7 36. R1e7+ Rxe7 37. Rxe7+ Kg8 38. Re8+ Kf7 39.
Qa7+ 1-0

[Event "Budapest FS12 IM"]
[Site "Budapest"]
[Date "2005.12.03"]
[Round "1"]
[White "Werner, Dimo"]
[Black "Caruana, Fabiano"]
[Result "0-1"]
[WhiteElo "2376"]
[BlackElo "2373"]
[PlyCount "74"]
[EventDate "2005.12.03"]
[EventType "tourn"]
[EventRounds "11"]
[EventCountry "HUN"]
[EventCategory "2"]
[SourceTitle "CBM 109 Extra"]
[Source "ChessBase"]
[SourceDate "2006.01.03"]
[SourceVersion "2"]
[SourceVersionDate "2006.01.03"]
[SourceQuality "1"]

1. d4 Nf6 2. Nf3 g6 3. e3 Bg7 4. Nbd2 d5 5. Bd3 O-O 6. O-O b6 7. e4 dxe4 8.
Nxe4 Bb7 9. Qe2 Nc6 10. c3 Re8 11. Re1 Qd7 12. Bf4 Nh5 13. Be3 e5 14. dxe5 Nxe5
15. Nxe5 Rxe5 16. Qc2 c5 17. Ng3 Nxg3 18. hxg3 Rae8 19. Bf1 h5 20. Rad1 Qg4 21.
Be2 Rxe3 22. Bxg4 Rxe1+ 23. Kh2 hxg4 24. Rxe1 Rxe1 25. Qd2 Re7 26. Qg5 Re2 27.
Qd8+ Bf8 28. Kg1 Rxb2 29. Qd7 Ba6 30. Qa4 Bd3 31. Qxa7 b5 32. a4 b4 33. cxb4
cxb4 34. Qd4 Rd2 35. Qe3 Rd1+ 36. Kh2 b3 37. Qd4 Rd2 0-1

[Event "Budapest FS12 IM"]
[Site "Budapest"]
[Date "2005.12.04"]
[Round "2"]
[White "Caruana, Fabiano"]
[Black "Lengyel, Bela"]
[Result "1-0"]
[WhiteElo "2373"]
[BlackElo "2276"]
[PlyCount "111"]
[EventDate "2005.12.03"]
[EventType "tourn"]
[EventRounds "11"]
[EventCountry "HUN"]
[EventCategory "2"]
[SourceTitle "CBM 109 Extra"]
[Source "ChessBase"]
[SourceDate "2006.01.03"]
[SourceVersion "2"]
[SourceVersionDate "2006.01.03"]
[SourceQuality "1"]

1. e4 e5 2. Bc4 Nf6 3. d3 c6 4. Nf3 Be7 5. O-O Qc7 6. Nc3 O-O 7. Bg5 d6 8. a4
a5 9. d4 h6 10. Be3 Bg4 11. Be2 Re8 12. h3 Bh5 13. Nd2 Bxe2 14. Qxe2 Nbd7 15.
f4 exd4 16. Bxd4 d5 17. exd5 Nxd5 18. Nxd5 cxd5 19. Qd3 Bf6 20. Bxf6 Nxf6 21.
Kh1 Re7 22. c3 Rae8 23. Qd4 Ne4 24. Rf3 Qc6 25. Rd1 Nc5 26. b3 Re2 27. f5 Re1+
28. Rxe1 Rxe1+ 29. Kh2 Ne4 30. Nxe4 Rxe4 31. Qf2 Qd6+ 32. Qg3 Qxg3+ 33. Kxg3
Re1 34. Rd3 Rb1 35. Rxd5 Rxb3 36. Rxa5 Rxc3+ 37. Kf4 Kf8 38. Ra7 Rc5 39. Ke4
Ke8 40. g4 Rc7 41. Kd5 Ke7 42. a5 Kd8 43. Ra8+ Ke7 44. h4 Kf6 45. Ra7 Ke7 46.
g5 hxg5 47. hxg5 g6 48. fxg6 fxg6 49. Ra8 Rc1 50. Rb8 Rg1 51. Rxb7+ Kd8 52. Kd6
Kc8 53. Rc7+ Kb8 54. Rc5 Re1 55. Re5 Rg1 56. Ke7 1-0

[Event "Budapest FS12 IM"]
[Site "Budapest"]
[Date "2005.12.05"]
[Round "3"]
[White "Galyas, Miklos"]
[Black "Caruana, Fabiano"]
[Result "1-0"]
[WhiteElo "2424"]
[BlackElo "2373"]
[PlyCount "97"]
[EventDate "2005.12.03"]
[EventType "tourn"]
[EventRounds "11"]
[EventCountry "HUN"]
[EventCategory "2"]
[SourceTitle "CBM 109 Extra"]
[Source "ChessBase"]
[SourceDate "2006.01.03"]
[SourceVersion "2"]
[SourceVersionDate "2006.01.03"]
[SourceQuality "1"]

1. d4 Nf6 2. c4 e6 3. Nf3 Bb4+ 4. Nbd2 c5 5. a3 Bxd2+ 6. Qxd2 cxd4 7. Nxd4 Nc6
8. e3 O-O 9. Be2 d5 10. O-O e5 11. Nxc6 bxc6 12. b4 Bf5 13. f3 Re8 14. Bb2 Qb6
15. Kh1 Rad8 16. c5 Qc7 17. Rac1 Nd7 18. a4 Nb8 19. b5 Bc8 20. f4 f6 21. fxe5
fxe5 22. Bd3 a6 23. Bc3 Qb7 24. Rb1 Qa7 25. Ba5 Rd7 26. bxc6 Nxc6 27. Bb6 Qb7
28. Bf5 Rf7 29. Qxd5 Bxf5 30. Rxf5 Qd7 31. Qxf7+ Qxf7 32. Rxf7 Kxf7 33. Bc7 Ke6
34. Bd6 Kd5 35. Rb7 Ke4 36. Rxg7 Kxe3 37. Rxh7 e4 38. Rc7 Nd4 39. Re7 Ra8 40.
g3 Kd3 41. Bf4 Rc8 42. h4 Rxc5 43. Kg2 Nf5 44. Rd7+ Nd4 45. Bh6 e3 46. Bg7 e2
47. Rxd4+ Ke3 48. Rd8 e1=Q 49. Bd4+ 1-0

[Event "Budapest FS12 IM"]
[Site "Budapest"]
[Date "2005.12.07"]
[Round "5"]
[White "Bachler, Reinhard"]
[Black "Caruana, Fabiano"]
[Result "1-0"]
[WhiteElo "2235"]
[BlackElo "2373"]
[PlyCount "113"]
[EventDate "2005.12.03"]
[EventType "tourn"]
[EventRounds "11"]
[EventCountry "HUN"]
[EventCategory "2"]
[SourceTitle "CBM 109 Extra"]
[Source "ChessBase"]
[SourceDate "2006.01.03"]
[SourceVersion "2"]
[SourceVersionDate "2006.01.03"]
[SourceQuality "1"]

1. f4 d5 2. Nf3 Nf6 3. g3 g6 4. Bg2 Bg7 5. O-O O-O 6. c3 Bf5 7. d3 c5 8. Nh4
Bd7 9. e4 dxe4 10. dxe4 e5 11. f5 Bb5 12. Re1 Nc6 13. Qf3 Qb6 14. Na3 Ba6 15.
Bf1 Ne7 16. g4 h6 17. Nc4 Qc7 18. a4 Nh7 19. Qg3 g5 20. Nf3 f6 21. Be3 Rfd8 22.
Qf2 b6 23. Rec1 Qb7 24. Nfd2 Nc6 25. Rab1 Qe7 26. Na5 Nxa5 27. Bxa6 Rd6 28. Nc4
Nxc4 29. Bxc4+ Kh8 30. Bd5 Rc8 31. Qe2 Nf8 32. Qa6 Qc7 33. Qc4 Nd7 34. Be6 Qd8
35. Rd1 Rcc6 36. Bd5 Rc7 37. Rd2 Nf8 38. Kf2 Qe8 39. Rh1 Nh7 40. Kg3 Qe7 41. b3
Rcd7 42. a5 Nf8 43. Ra1 Rc7 44. axb6 axb6 45. Ra6 Nd7 46. Ra8+ Bf8 47. Qb5 Qh7
48. Be6 Rxd2 49. Bxd2 h5 50. Qd3 hxg4 51. Kg2 Qe7 52. c4 Kg7 53. Qe2 Qd6 54.
Bd5 b5 55. Ba5 Nb6 56. Bxb6 Qxb6 57. Qxg4 1-0

[Event "Budapest FS12 IM"]
[Site "Budapest"]
[Date "2005.12.11"]
[Round "9"]
[White "Caruana, Fabiano"]
[Black "Radnai, Adam"]
[Result "1-0"]
[WhiteElo "2373"]
[BlackElo "2198"]
[PlyCount "59"]
[EventDate "2005.12.03"]
[EventType "tourn"]
[EventRounds "11"]
[EventCountry "HUN"]
[EventCategory "2"]
[SourceTitle "CBM 109 Extra"]
[Source "ChessBase"]
[SourceDate "2006.01.03"]
[SourceVersion "2"]
[SourceVersionDate "2006.01.03"]
[SourceQuality "1"]

1. e4 e6 2. d4 d5 3. Nc3 Nf6 4. Bg5 dxe4 5. Nxe4 Be7 6. Bxf6 Bxf6 7. Nf3 O-O 8.
c3 Nd7 9. Bd3 b6 10. Qc2 Bb7 11. O-O-O Qe7 12. h4 g6 13. h5 Bxe4 14. Bxe4 Rac8
15. hxg6 hxg6 16. Kb1 Rfd8 17. Qa4 a5 18. Qc4 c6 19. a4 b5 20. axb5 cxb5 21.
Qxb5 Rb8 22. Qxa5 Nb6 23. Ne5 Qc7 24. Kc1 Rdc8 25. Rh3 Bxe5 26. dxe5 Qc4 27.
Rdh1 Kf8 28. Rh8+ Ke7 29. Qa3+ Kd7 30. Qd6# 1-0

[Event "Budapest FS12 IM"]
[Site "Budapest"]
[Date "2005.12.13"]
[Round "11"]
[White "Caruana, Fabiano"]
[Black "Fodor, Tamas Jr"]
[Result "1/2-1/2"]
[WhiteElo "2373"]
[BlackElo "2252"]
[PlyCount "22"]
[EventDate "2005.12.03"]
[EventType "tourn"]
[EventRounds "11"]
[EventCountry "HUN"]
[EventCategory "2"]
[SourceTitle "CBM 109 Extra"]
[Source "ChessBase"]
[SourceDate "2006.01.03"]
[SourceVersion "2"]
[SourceVersionDate "2006.01.03"]
[SourceQuality "1"]

1. e4 e6 2. d4 d5 3. Nc3 Bb4 4. e5 c5 5. a3 Bxc3+ 6. bxc3 Ne7 7. h4 Nbc6 8. h5
h6 9. Nf3 Qa5 10. Bd2 f6 11. Qe2 O-O 1/2-1/2

[Event "Budapest FS02 GM"]
[Site "Budapest"]
[Date "2006.02.05"]
[Round "2"]
[White "Caruana, Fabiano"]
[Black "Vajda, Levente"]
[Result "0-1"]
[WhiteElo "2409"]
[BlackElo "2526"]
[PlyCount "78"]
[EventDate "2006.02.04"]
[EventType "tourn"]
[EventRounds "13"]
[EventCountry "HUN"]
[EventCategory "8"]
[SourceTitle "CBM 110 Extra"]
[Source "ChessBase"]
[SourceDate "2006.03.10"]
[SourceVersion "2"]
[SourceVersionDate "2006.03.10"]
[SourceQuality "1"]

1. e4 e5 2. Bc4 Nc6 3. Nf3 Bc5 4. c3 Nf6 5. d3 a6 6. O-O Ba7 7. Nbd2 d6 8. Bb3
O-O 9. h3 Be6 10. Re1 h6 11. Nf1 Re8 12. Bxe6 Rxe6 13. Be3 Bxe3 14. Nxe3 d5 15.
Qc2 Qd7 16. Rad1 Rd8 17. a3 Qe8 18. Nf5 Qf8 19. c4 d4 20. g4 Ne7 21. N3h4 Ng6
22. Ng2 Nh7 23. h4 Nf4 24. Qd2 g6 25. Ng3 Rf6 26. Kh2 Qe7 27. Ne2 Nxe2 28. Qxe2
Nf8 29. Qd2 Ne6 30. b4 Kg7 31. Kg3 Nf4 32. Rh1 Nxg2 33. Kxg2 Rf4 34. f3 Rh8 35.
h5 f5 36. Qe2 fxg4 37. fxg4 Qg5 38. Kg3 Rhf8 39. hxg6 h5 0-1

[Event "Budapest FS02 GM"]
[Site "Budapest"]
[Date "2006.02.08"]
[Round "5"]
[White "Rajlich, Iweta"]
[Black "Caruana, Fabiano"]
[Result "0-1"]
[WhiteElo "2421"]
[BlackElo "2409"]
[PlyCount "110"]
[EventDate "2006.02.04"]
[EventType "tourn"]
[EventRounds "13"]
[EventCountry "HUN"]
[EventCategory "8"]
[SourceTitle "CBM 110 Extra"]
[Source "ChessBase"]
[SourceDate "2006.03.10"]
[SourceVersion "2"]
[SourceVersionDate "2006.03.10"]
[SourceQuality "1"]

1. Nf3 Nf6 2. c4 e6 3. Nc3 Bb4 4. Qc2 O-O 5. a3 Bxc3 6. Qxc3 b6 7. d3 d6 8. Bg5
Nbd7 9. g3 Bb7 10. Bg2 h6 11. Bd2 c5 12. O-O d5 13. b4 Rc8 14. Qb2 dxc4 15.
dxc4 Ne4 16. Bf4 Qf6 17. Qxf6 Ndxf6 18. Rac1 Rfd8 19. b5 Kf8 20. a4 a5 21. bxa6
Bxa6 22. Rc2 Bb7 23. Ra1 g5 24. Be5 Ng4 25. Rb2 Nexf2 26. e4 Bxe4 27. Rxf2 Bxf3
28. Bf6 Nxf6 29. Rxf3 Nd7 30. Raf1 f6 31. Rb3 Ke7 32. Re1 Rc7 33. Bh3 Rc6 34.
Reb1 Rd6 35. Rb5 Ra8 36. Ra1 Ra5 37. Bf1 Ne5 38. Kf2 Ng4+ 39. Ke1 Ne3 40. Rxa5
bxa5 41. Rb1 Nc2+ 42. Ke2 Nb4 43. Ke3 Rd4 44. h3 f5 45. Be2 e5 46. Kf2 e4 47.
h4 f4 48. hxg5 hxg5 49. gxf4 gxf4 50. Rh1 f3 51. Bf1 Nc2 52. Rh5 Rd2+ 53. Kg3
e3 54. Bh3 e2 55. Rh4 Kf6 0-1

[Event "Madrid-ch"]
[Site "Madrid"]
[Date "2006.03.01"]
[Round "1"]
[White "Perez Marco, Ricardo"]
[Black "Caruana, Fabiano"]
[Result "0-1"]
[WhiteElo "2217"]
[BlackElo "2409"]
[PlyCount "110"]
[EventDate "2006.03.01"]
[EventType "tourn"]
[EventRounds "11"]
[EventCountry "ESP"]
[SourceTitle "CBM 111 Extra"]
[Source "ChessBase"]
[SourceDate "2006.05.09"]
[SourceVersion "1"]
[SourceVersionDate "2006.05.09"]
[SourceQuality "1"]

1. e4 e6 2. d3 d5 3. Nd2 Nf6 4. Ngf3 b6 5. e5 Nfd7 6. d4 c5 7. c3 Nc6 8. Bd3
Be7 9. O-O g5 10. Bb5 Bb7 11. Nb3 a6 12. Be2 c4 13. Nbd2 b5 14. Ne1 Qb6 15. Bh5
Nf8 16. Ndf3 h6 17. Qc2 b4 18. Be3 Ng6 19. Bxg6 fxg6 20. Qxg6+ Kd7 21. Nd2 h5
22. Qc2 Qc7 23. f4 gxf4 24. Bxf4 h4 25. Rd1 Rag8 26. Ndf3 Rg4 27. Qc1 Rhg8 28.
Rf2 Qa5 29. h3 R4g7 30. Nc2 bxc3 31. Ne3 cxb2 32. Rxb2 Kc8 33. Qb1 Ba3 34. Rf2
Be7 35. Ng4 Rxg4 36. hxg4 Rxg4 37. Ne1 Qd8 38. Qh7 Kc7 39. Be3 Rg8 40. Rf7 Bc8
41. Qxh4 Bd7 42. Qf2 Be8 43. Rh7 Bg6 44. Rh6 Bf5 45. Bf4 Rg4 46. g3 Bg5 47.
Bxg5 Qxg5 48. Rh2 c3 49. Nf3 Rxg3+ 50. Rg2 Rxg2+ 51. Qxg2 Qe3+ 52. Qf2 Qf4 53.
Rf1 c2 54. Qe1 Be4 55. Qh4 c1=Q 0-1

[Event "Madrid-ch"]
[Site "Madrid"]
[Date "2006.03.02"]
[Round "2"]
[White "Caruana, Fabiano"]
[Black "Pastor Alonso de Prado, Emilio Alberto"]
[Result "1-0"]
[WhiteElo "2409"]
[BlackElo "2192"]
[PlyCount "83"]
[EventDate "2006.03.01"]
[EventType "tourn"]
[EventRounds "11"]
[EventCountry "ESP"]
[SourceTitle "CBM 111 Extra"]
[Source "ChessBase"]
[SourceDate "2006.05.09"]
[SourceVersion "1"]
[SourceVersionDate "2006.05.09"]
[SourceQuality "1"]

1. e4 e5 2. Nf3 Nc6 3. Bb5 Nf6 4. d3 Nd4 5. Nxd4 exd4 6. O-O c6 7. Bc4 d6 8.
Nd2 Be7 9. Nf3 Qb6 10. a4 a5 11. c3 dxc3 12. bxc3 O-O 13. Ba3 Qc7 14. Qb3 h6
15. h3 g6 16. Rfe1 Nh5 17. d4 Kg7 18. Rad1 Rb8 19. Bf1 Nf4 20. Bc1 Ne6 21. c4
Kh7 22. Qe3 Ng5 23. Nh2 f6 24. f4 Nf7 25. Nf3 c5 26. d5 Bd7 27. Qb3 g5 28. Bd3
Kg8 29. Bc2 Rfe8 30. Qd3 gxf4 31. Bxf4 Ne5 32. Nxe5 fxe5 33. Bxh6 Kh7 34. Bd2
Rg8 35. Rf1 Be8 36. Qe3 Bg5 37. Qf2 Qe7 38. Bxg5 Rxg5 39. Qh4+ Kg7 40. Rd2 Bd7
41. Rdf2 Rg8 42. Kh1 1-0